000
00490nam a2200181Ia 4500
008
100917s9999 xx 000 0 und d
082
_b
65105
100
_a
आठल्ये अनिल
245
_a
बाहुल
260
_b
गुलमोहर पब्लिकेशन्स
_c
1984
300
_a
203
365
_b
32
520
_a
कादंबरी
630
_a
बाहुल
650
_a
कादंबरी
730
_a
बाहुल
942
_c
BOOK
999
_c
670499
_d
670496